000 00540nam a2200217Ia 4500
003 OSt
005 20220923230818.0
006 a|||||r|||| 00| 0
007 ta
008 Pun
024 _a305,766
037 _cTextual
040 _aARTS
_cARTS
_bPun
041 _2Pun
_aPun
082 _aU8:5:N24, 153J2
100 _aਕਮਲਾ ਅਕਾਲੀ
245 0 _aਸੈਲਾਨੀ ਦੇF ਭਗਤ
260 _c1952
942 _hU8:5:N24, 153J2
_cTEXL
_2CC
999 _c387556
_d387556